Opatrenie MF SR, ktorým sa ustanovuje účtová osnova a postupy účtovania podnikateľov

Opatrenie MF SR, ktorým sa ustanovuje účtová osnova a postupy účtovania podnikateľov č. 3177/1998-KM v znení opatrenia č. 21 891/1999-92. Príl. č. 1: Účtová osnova pre podnikateľov. Príl. č. 2: Postupy účtovania pre podnikateľov.

Salvato in:
Dettagli Bibliografici
Natura: Capitolo di libro
Lingua:slovacco
Soggetti:
Tags: Aggiungi Tag
Nessun Tag, puoi essere il primo ad aggiungerne!!

MARC

LEADER 00000naa a2200000 4500
001 r040676
005 20231003084305.6
041 0 |a slo 
044 |a SK 
245 1 0 |a Opatrenie MF SR, ktorým sa ustanovuje účtová osnova a postupy účtovania podnikateľov 
520 |a Opatrenie MF SR, ktorým sa ustanovuje účtová osnova a postupy účtovania podnikateľov č. 3177/1998-KM v znení opatrenia č. 21 891/1999-92. Príl. č. 1: Účtová osnova pre podnikateľov. Príl. č. 2: Postupy účtovania pre podnikateľov. 
610 2 0 |a účtovanie 
610 2 0 |a postupy účtovné 
610 2 0 |a osnova účtová 
610 2 0 |a podnikatelia 
610 2 0 |a opatrenia 
610 2 0 |a MF SR Bratislava